| 000 | 00640nam a22002057a 4500 | ||
|---|---|---|---|
| 999 |
_c13384 _d13384 |
||
| 003 | AR-CdUCM | ||
| 008 | 190415b ||||| |||| 00| 0 spa d | ||
| 040 |
_aMUNICIPALIDAD PROVINCIAL DEL CUSCO _cBIBLIOTECA MUNICIPAL DEL CUSCO |
||
| 082 |
_a398 / _bD35 / 1948 |
||
| 100 |
_aDelgado Vivanco, Edmundo _925661 |
||
| 245 | _aEl río en el folklore / | ||
| 260 |
_aCusco : _bH.G. Rozas Libr. e Impr, _c1948. |
||
| 300 |
_a60 paginas ; _c20 cm. |
||
| 505 | _aContenido :Poesía / | ||
| 650 |
_aRíos en el folclore. _931789 |
||
| 650 |
_aPoesía peruana _9806 |
||
| 650 |
_aIndígena _951 |
||
| 942 |
_2ddc _cLIBROS |
||
| 945 |
_arjall _d2019-04-15 |
||